[Event "22nd Capablanca Memorial group A"]
[Site "Camaguey CUB"]
[Date "1987.??.??"]
[Round "?"]
[White "Ubilava, Elizbar"]
[Black "Garcia Palermo, Carlos"]
[Result "1/2-1/2"]
[WhiteElo "2495"]
[BlackElo "2530"]
[EventDate "1987.05.20"]
[PlyCount "20"]

1.d4 d5 2.c4 dxc4 3.Nf3 Nf6 4.e3 e6 5.Bxc4 c5 6.O-O a6 7.dxc5 Qxd1 8.Rxd1 
Bxc5 9.a3 b5 10.Be2 Bb7 1/2-1/2

[Event "22nd Capablanca Memorial group A"]
[Site "Camaguey CUB"]
[Date "1987.??.??"]
[Round "?"]
[White "Ubilava, Elizbar"]
[Black "Kuczynski, Robert"]
[Result "1/2-1/2"]
[WhiteElo "2495"]
[BlackElo "2450"]
[EventDate "1987.05.20"]
[PlyCount "63"]

1.d4 d5 2.c4 c6 3.Nc3 Nf6 4.cxd5 cxd5 5.Bf4 Nc6 6.e3 a6 7.Bd3 Bg4 8.f3 Bh5
9.Rc1 e6 10.Nge2 Be7 11.a3 Bg6 12.g4 Nd7 13.Kf2 Bh4+ 14.Bg3 Bxd3 15.Qxd3 
O-O 16.f4 f5 17.g5 Bxg3+ 18.hxg3 Nb6 19.Ng1 Nc4 20.Na4 Nd6 21.Nc5 Qe7 22.
Nf3 Rac8 23.Rc2 Ne4+ 24.Kg2 Nd8 25.Rhc1 Nf7 26.Qb3 Nfd6 27.Ne5 Rc7 28.Nxe4
Rxc2+ 29.Qxc2 fxe4 30.Qc7 Qxc7 31.Rxc7 Rc8 32.Rxc8+ 1/2-1/2

[Event "22nd Capablanca Memorial group A"]
[Site "Camaguey CUB"]
[Date "1987.??.??"]
[Round "?"]
[White "Ubilava, Elizbar"]
[Black "Verduga Zavala, Denis Homero"]
[Result "0-1"]
[WhiteElo "2495"]
[BlackElo "2435"]
[EventDate "1987.05.20"]
[PlyCount "102"]

1.d4 g6 2.c4 Bg7 3.Nc3 c5 4.d5 d6 5.e4 Nf6 6.f3 O-O 7.Bg5 e6 8.Qd2 exd5 9.
cxd5 a6 10.a4 Re8 11.Nge2 Nbd7 12.Nd1 Rb8 13.Nec3 Qa5 14.Ra3 Ne5 15.Be2 
Qb4 16.Qc2 c4 17.O-O Qa5 18.Be3 h5 19.Nf2 Qc7 20.a5 Bd7 21.h3 Bb5 22.Nxb5 
axb5 23.Qd2 h4 24.Qb4 Nh5 25.Qxb5 Ng3 26.Re1 f5 27.f4 Nd3 28.Bxd3 cxd3 29.
Rxd3 fxe4 30.Rdd1 Qc2 31.Rd2 Qc7 32.Qb4 Ra8 33.Bb6 Qe7 34.Rc2 Qf6 35.Be3 
Qf7 36.Rd1 Nf5 37.Bb6 e3 38.Ne4 Bh6 39.Rc7 Qf8 40.Nc3 Ng3 41.Re1 Bxf4 42.
Qc4 Qf5 43.Nd1 Re4 44.Qd3 Rf8 45.Nc3 Rb4 46.Qxf5 Nxf5 47.Ne2 Be5 48.Rxb7 
Rxb2 49.a6 Ng3 50.Nd4 Rxb6 51.Rxb6 Bxd4 0-1

[Event "22nd Capablanca Memorial group A"]
[Site "Camaguey CUB"]
[Date "1987.??.??"]
[Round "?"]
[White "Verduga Zavala, Denis Homero"]
[Black "Knaak, Rainer"]
[Result "1-0"]
[WhiteElo "2435"]
[BlackElo "2505"]
[EventDate "1987.05.20"]
[PlyCount "95"]

1.c4 e5 2.Nc3 Bb4 3.g3 Bxc3 4.bxc3 d6 5.Bg2 f5 6.d3 Nf6 7.Rb1 Nc6 8.Nf3 
O-O 9.Bg5 Qe8 10.Bxf6 Rxf6 11.Nd2 Ne7 12.O-O Rb8 13.Qb3 Rh6 14.Rfe1 a6 15.
c5+ Be6 16.c4 Nc6 17.cxd6 cxd6 18.e3 e4 19.dxe4 Qh5 20.h4 Ne5 21.exf5 Qxf5
22.f4 Nd7 23.Qc3 Rg6 24.e4 Qc5+ 25.Kh1 Rh6 26.Qe3 Qc7 27.Rbc1 Re8 28.Qd4 
Bf7 29.Nf3 Qc5 30.Red1 Qa3 31.e5 Re7 32.Rc3 Qxa2 33.exd6 Re2 34.Bf1 Re8 
35.Ng5 Qa4 36.Bg2 Nf6 37.Bf3 Qd7 38.c5 Bh5 39.Qc4+ Kf8 40.Rf1 Bxf3+ 41.
Rcxf3 Rh5 42.f5 Re5 43.Qc3 Re8 44.Qb3 Re5 45.Ne6+ Ke8 46.Qc3 Re4 47.Re1 
Qc6 48.Rxe4 1-0

[Event "22nd Capablanca Memorial group A"]
[Site "Camaguey CUB"]
[Date "1987.??.??"]
[Round "?"]
[White "Verduga Zavala, Denis Homero"]
[Black "Novikov, Igor"]
[Result "1/2-1/2"]
[WhiteElo "2435"]
[BlackElo "2480"]
[EventDate "1987.05.20"]
[PlyCount "91"]

1.e4 c5 2.Nf3 d6 3.d4 cxd4 4.Nxd4 Nf6 5.Nc3 a6 6.Bg5 e6 7.f4 Qb6 8.Qd2 
Qxb2 9.Rb1 Qa3 10.f5 Nc6 11.fxe6 fxe6 12.Nxc6 bxc6 13.e5 dxe5 14.Bxf6 gxf6
15.Ne4 Be7 16.Be2 h5 17.Rb3 Qa4 18.Nxf6+ Bxf6 19.c4 Bh4+ 20.g3 Be7 21.O-O 
h4 22.Qd1 Qa5 23.Bh5+ Rxh5 24.Qxh5+ Kd8 25.Kh1 Qc5 26.Rd3+ Kc7 27.Qe8 e4 
28.Rdd1 Kb6 29.Rf7 Bg5 30.gxh4 Bxh4 31.Qh8 a5 32.Qxh4 Qxc4 33.Qf4 e5 34.
Qe3+ Ka6 35.Rf6 Bb7 36.a3 Rb8 37.Rb1 Qd4 38.Qe2+ Ka7 39.Qe1 Ka6 40.Rd1 Qc4
41.Rc1 Qd5 42.Qe3 Qd4 43.Qe2+ Qd3 44.Qb2 Qd5 45.Qe2+ Qd3 46.Qb2 1/2-1/2

[Event "22nd Capablanca Memorial group A"]
[Site "Camaguey CUB"]
[Date "1987.??.??"]
[Round "?"]
[White "Verduga Zavala, Denis Homero"]
[Black "Zapata Ramirez, Alonso"]
[Result "0-1"]
[WhiteElo "2435"]
[BlackElo "2505"]
[EventDate "1987.05.20"]
[PlyCount "128"]

1.c4 g6 2.Nc3 Bg7 3.g3 e5 4.Bg2 d6 5.d3 Nf6 6.Rb1 a5 7.a3 O-O 8.e3 Nc6 9.
Nge2 Be6 10.Nd5 Qd7 11.Bd2 Nh5 12.O-O f5 13.f4 Nd8 14.Qc2 Nf7 15.Bf3 Qd8 
16.Ndc3 c6 17.b4 axb4 18.Rxb4 Qe7 19.Qb3 Nd8 20.Ra4 Rxa4 21.Qxa4 Nf6 22.
Qb4 Re8 23.Rd1 Bf8 24.Bg2 Qf7 25.Qa5 e4 26.dxe4 fxe4 27.c5 dxc5 28.Bc1 Qe7
29.h3 Nf7 30.g4 Bc4 31.Ng3 Bg7 32.Ncxe4 Nxe4 33.Nxe4 Bb3 34.Rf1 c4 35.Bd2 
Bc2 36.Nf2 c3 37.Bxc3 b6 38.Qb4 Qxb4 39.Bxb4 c5 40.Bd2 Rd8 41.Bc1 Nd6 42.
e4 Bd4 43.Re1 b5 44.e5 Nc8 45.Re2 Bd3 46.Rd2 c4 47.Bf1 Nb6 48.Bxd3 cxd3 
49.Kg2 Bxf2 50.Rxf2 Nc4 51.Bd2 g5 52.fxg5 Nxe5 53.Kf1 Re8 54.Kg2 Nc4 55.
Kf1 Nxa3 56.Rf3 Rd8 57.Ke1 Nc4 58.Kd1 Ra8 59.Bc3 Ra3 60.Rf8+ Kxf8 61.Bb4+ 
Kf7 62.Bxa3 Nxa3 63.Kd2 Kg6 64.h4 Nc4+ 0-1

[Event "22nd Capablanca Memorial group A"]
[Site "Camaguey CUB"]
[Date "1987.??.??"]
[Round "?"]
[White "Vilela de Acuna, Jose Luis"]
[Black "Andonov, Bogomil"]
[Result "1-0"]
[WhiteElo "2400"]
[BlackElo "2450"]
[EventDate "1987.05.20"]
[PlyCount "81"]

1.d4 Nf6 2.c4 a6 3.Nc3 c5 4.dxc5 e6 5.Bg5 Bxc5 6.e3 Be7 7.Nf3 d6 8.Be2 
Nbd7 9.O-O O-O 10.Qc2 b6 11.Rfd1 Bb7 12.Bf4 Qc7 13.Qd2 Ne8 14.Rac1 Rc8 15.
h3 Qb8 16.Bg3 Qa8 17.Qc2 Ne5 18.Nxe5 dxe5 19.Bf1 Bd6 20.Qb3 Bc7 21.Na4 Qa7
22.c5 b5 23.c6 Ba8 24.Nc5 Nf6 25.Nd7 Nxd7 26.cxd7 Rcd8 27.Bh4 f6 28.Qxe6+ 
Kh8 29.Rc2 Be4 30.Bd3 Bg6 31.Bxg6 hxg6 32.Rdc1 Ba5 33.Rc8 Kh7 34.Rxd8 Rxd8
35.Rd1 Bc7 36.Rd5 Qb7 37.Bg3 a5 38.Kh2 g5 39.e4 a4 40.h4 gxh4 41.Bxh4 1-0

[Event "22nd Capablanca Memorial group A"]
[Site "Camaguey CUB"]
[Date "1987.??.??"]
[Round "?"]
[White "Vilela de Acuna, Jose Luis"]
[Black "Hazai, Laszlo"]
[Result "1/2-1/2"]
[WhiteElo "2400"]
[BlackElo "2465"]
[EventDate "1987.05.20"]
[PlyCount "65"]

1.d4 Nf6 2.c4 g6 3.Nc3 Bg7 4.e4 d6 5.f3 O-O 6.Be3 c5 7.dxc5 dxc5 8.Qxd8 
Rxd8 9.Bxc5 Nc6 10.Ba3 b6 11.Rd1 Nd7 12.Nd5 e6 13.Ne7+ Nxe7 14.Bxe7 Re8 
15.Ba3 Nc5 16.Nh3 f5 17.Be2 fxe4 18.fxe4 Bb7 19.O-O Bxe4 20.Ng5 Bf5 21.g4 
Bc2 22.Rd2 Ne4 23.Rxc2 Bd4+ 24.Kg2 Nxg5 25.h4 Nf7 26.Bf3 Rac8 27.b3 Ne5 
28.Rd2 Bc5 29.Bb2 Nxf3 30.Rxf3 Rcd8 31.Rfd3 Rxd3 32.Rxd3 Rf8 33.Rf3 
1/2-1/2

[Event "22nd Capablanca Memorial group A"]
[Site "Camaguey CUB"]
[Date "1987.??.??"]
[Round "?"]
[White "Vilela de Acuna, Jose Luis"]
[Black "Lanc, Alois"]
[Result "1/2-1/2"]
[WhiteElo "2400"]
[BlackElo "2495"]
[EventDate "1987.05.20"]
[PlyCount "33"]

1.d4 d6 2.c4 e5 3.Nf3 Nd7 4.Nc3 c6 5.e4 Ngf6 6.Be2 Be7 7.O-O O-O 8.Qc2 Re8
9.Rd1 Qc7 10.Bg5 Nf8 11.d5 c5 12.Ne1 h6 13.Bd2 N6h7 14.b4 b6 15.bxc5 bxc5 
16.Rab1 Ng6 17.Qa4 1/2-1/2

[Event "22nd Capablanca Memorial group A"]
[Site "Camaguey CUB"]
[Date "1987.??.??"]
[Round "?"]
[White "Vilela de Acuna, Jose Luis"]
[Black "Ubilava, Elizbar"]
[Result "1/2-1/2"]
[WhiteElo "2400"]
[BlackElo "2495"]
[EventDate "1987.05.20"]
[PlyCount "39"]

1.d4 d5 2.c4 e6 3.Nc3 Be7 4.Nf3 Nf6 5.Bg5 Nbd7 6.e3 O-O 7.cxd5 Nxd5 8.Bxe7
Qxe7 9.Rc1 Nxc3 10.Rxc3 c6 11.Bd3 e5 12.Qc2 exd4 13.Nxd4 g6 14.O-O c5 15.
Nf3 b6 16.e4 Bb7 17.Re1 Rfd8 18.Bc4 Nf8 19.Qc1 Kg7 20.h4 1/2-1/2

[Event "22nd Capablanca Memorial group A"]
[Site "Camaguey CUB"]
[Date "1987.??.??"]
[Round "?"]
[White "Zapata Ramirez, Alonso"]
[Black "Garcia Gonzales, Guillermo"]
[Result "1/2-1/2"]
[WhiteElo "2505"]
[BlackElo "2495"]
[EventDate "1987.05.20"]
[PlyCount "36"]

1.e4 e5 2.Nf3 Nf6 3.Nxe5 d6 4.Nf3 Nxe4 5.Nc3 Nxc3 6.dxc3 Nc6 7.Bf4 Be7 8.
Qd2 Be6 9.Bd3 Qd7 10.O-O-O h6 11.Rhe1 a6 12.Kb1 O-O-O 13.Nd4 Nxd4 14.cxd4 
Bf6 15.Qb4 Rde8 16.Re3 Bf5 17.Qa5 Bxd3 18.Rexd3 Re4 1/2-1/2

[Event "22nd Capablanca Memorial group A"]
[Site "Camaguey CUB"]
[Date "1987.??.??"]
[Round "?"]
[White "Zapata Ramirez, Alonso"]
[Black "Knaak, Rainer"]
[Result "1-0"]
[WhiteElo "2505"]
[BlackElo "2505"]
[EventDate "1987.05.20"]
[PlyCount "79"]

1.e4 e6 2.d4 d5 3.Nd2 Nf6 4.e5 Nfd7 5.c3 c5 6.Bd3 Nc6 7.Ne2 cxd4 8.cxd4 f6
9.exf6 Nxf6 10.Nf3 Bd6 11.O-O O-O 12.Bg5 Qe8 13.Re1 Ng4 14.h3 e5 15.hxg4 
Bxg4 16.Nh2 Qh5 17.Nxg4 Qxg5 18.dxe5 Bb4 19.Nc3 Rf4 20.Nh2 Rxf2 21.Qg4 
Qxg4 22.Nxg4 Rxb2 23.Nxd5 Bxe1 24.Rxe1 Rd2 25.Nf4 Ne7 26.Bc4+ Kh8 27.Ne3 
a6 28.Bb3 a5 29.Nc4 Rd4 30.Ne6 Rg4 31.Nc7 Rf8 32.Nxa5 Rb8 33.Nc4 h6 34.Nd6
b6 35.Rf1 Kh7 36.Rf7 Ng6 37.e6 Rd8 38.Nce8 Ne5 39.Nf6+ Kg6 40.Bc2+ 1-0

[Event "22nd Capablanca Memorial group A"]
[Site "Camaguey CUB"]
[Date "1987.??.??"]
[Round "?"]
[White "Zapata Ramirez, Alonso"]
[Black "Kuczynski, Robert"]
[Result "1/2-1/2"]
[WhiteElo "2505"]
[BlackElo "2450"]
[EventDate "1987.05.20"]
[PlyCount "129"]

1.e4 c5 2.Nf3 d6 3.d4 cxd4 4.Nxd4 Nf6 5.Nc3 a6 6.a4 e5 7.Nf3 Qc7 8.Bg5 
Nbd7 9.Nd2 h6 10.Be3 Nc5 11.Nd5 Nxd5 12.exd5 Bf5 13.a5 Be7 14.Nc4 Nd7 15.
Be2 O-O 16.O-O Bg5 17.Bxg5 hxg5 18.Qd2 f6 19.Ra3 Rad8 20.b4 Bh7 21.Rfa1 f5
22.Qxg5 Nf6 23.Qd2 f4 24.Rc1 Ne4 25.Qe1 f3 26.Rxf3 Rxf3 27.gxf3 Ng5 28.Ne3
Rf8 29.c4 e4 30.c5 dxc5 31.Rxc5 Qe7 32.Kh1 exf3 33.d6 Qxd6 34.Bc4+ Nf7 35.
Bd5 Kh8 36.Qc3 Ne5 37.Rc8 Nd3 38.Bxf3 Nxf2+ 39.Kg2 Nd3 40.Nd5 Qg6+ 41.Kf1 
Qf7 42.Rxf8+ Qxf8 43.Kg2 Qe8 44.Qd4 Qe1 45.Qe3 Qh4 46.Kg1 Bg6 47.Ne7 Bh7 
48.Nd5 Bg6 49.Bg2 Nxb4 50.Nf4 Qg4 51.h3 Qd1+ 52.Kh2 Qd6 53.Qg3 Bf5 54.Bxb7
Qd2+ 55.Ng2 Kh7 56.Qf4 Qxf4+ 57.Nxf4 g5 58.Nd5 Nxd5 59.Bxd5 Bd3 60.Kg2 Kg6
61.Be6 Kf6 62.Bc8 Bb5 63.Kf3 Ke5 64.Kg4 Kf6 65.Kf3 1/2-1/2

[Event "22nd Capablanca Memorial group A"]
[Site "Camaguey CUB"]
[Date "1987.??.??"]
[Round "?"]
[White "Zapata Ramirez, Alonso"]
[Black "Ubilava, Elizbar"]
[Result "1/2-1/2"]
[WhiteElo "2505"]
[BlackElo "2495"]
[EventDate "1987.05.20"]
[PlyCount "88"]

1.e4 c5 2.Nf3 d6 3.d4 cxd4 4.Nxd4 Nf6 5.Nc3 Nc6 6.Be3 e5 7.Nf3 Be7 8.Bc4 
O-O 9.O-O Be6 10.Bb3 h6 11.Qe2 a6 12.Rfd1 Qc7 13.Nh4 Na5 14.Ng6 Nxb3 15.
Nxe7+ Qxe7 16.axb3 Rfd8 17.Bb6 Rdc8 18.Rd2 Rc6 19.Ba5 Rac8 20.Rad1 Ne8 21.
Bb4 Rd8 22.h3 Rd7 23.Rd3 Qd8 24.Qd2 b5 25.Ra1 Nf6 26.Ba5 Qb8 27.Re1 Qc8 
28.Qd1 Qb7 29.Na2 d5 30.exd5 Rxd5 31.Nb4 Rxd3 32.Qxd3 Rc5 33.Qd6 Nd7 34.
Re2 Rc8 35.Kh2 e4 36.Re3 Nf6 37.Rc3 Rxc3 38.bxc3 Nd5 39.Nxa6 e3 40.fxe3 
Nxe3 41.Qd8+ Kh7 42.Qd3+ Bf5 43.Qxe3 Qxa6 44.Qf2 Qd6+ 1/2-1/2

[Event "22nd Capablanca Memorial group A"]
[Site "Camaguey CUB"]
[Date "1987.??.??"]
[Round "?"]
[White "Zapata Ramirez, Alonso"]
[Black "Vilela de Acuna, Jose Luis"]
[Result "1-0"]
[WhiteElo "2505"]
[BlackElo "2400"]
[EventDate "1987.05.20"]
[PlyCount "41"]

1.e4 e6 2.d4 d5 3.Nd2 c5 4.exd5 Qxd5 5.Ngf3 cxd4 6.Bc4 Qd6 7.O-O Nf6 8.Nb3
Nc6 9.Nbxd4 Nxd4 10.Nxd4 a6 11.a4 Qc7 12.Qe2 Bd6 13.h3 O-O 14.Bg5 Ne4 15.
Be3 b6 16.Rfd1 Bb7 17.c3 Rfd8 18.Bd3 Nc5 19.Bc2 Bf8 20.b4 Nd7 21.Bg5 1-0